Normal view
MARC view
- الشعر العربي - عصر صدر الإسلام - الخنساء
Entry Topical Term
001 - CONTROL NUMBER
- control field: 49151
003 - CONTROL NUMBER IDENTIFIER
- control field: JO-AjAnu
005 - DATE AND TIME OF LATEST TRANSACTION
- control field: 20230606082112.0
008 - FIXED-LENGTH DATA ELEMENTS
- fixed length control field: 230606|| aca||aabn | a|a d
040 ## - CATALOGING SOURCE
- Original cataloging agency: JO-AjAnu
- Transcribing agency: JO-AjAnu
150 ## - HEADING--TOPICAL TERM
- Topical term or geographic name entry element: الشعر العربي - عصر صدر الإسلام - الخنساء
670 ## - SOURCE DATA FOUND
- Source citation: Work cat.: (JO-AjAnu)25138: تأليف الخنساء السلمية، تماضر بنت عمر بن الحارث ؛ شرحه تغلب أبو العباس أحمد بن يحيى بن سيار الشيباني النحوي ؛ حققه أنور أبو سويلم, author 49150, ديوان الخنساء